000 00245nam a2200121Ia 4500
100 _aRamamrutham
942 _cBK
654 _aMaterials
245 _aStrength Of Materials
260 _bDhanpatrai &sons
300 _a1203
546 _aENGLISH
999 _c33260
_d33260